000 00393nam a2200145Ia 4500
008 090123s9999 xx 000 0 und d
082 _b25628
245 _aमौत के चेहरे
250 _a0
260 _bराज पॉकेट बुक्स
300 _a58
630 _aमौत के चेहरे
730 _aमौत के चेहरे
942 _cBOOK
999 _c63699
_d63699